Rihanna - Paroles Only Girl (In the World) - Statistiques

Statistiques générales
  • Ce quiz a été pris 66 fois
  • Le résultat moyen est 309 sur 409
Statistiques - réponses
Hint Réponse % Correct
Couplet 1 I
100%
girl
98%
Girl
98%
me
98%
oh
98%
Oh,
98%
only
98%
Only
98%
the
98%
(uh,
98%
(uh)
98%
uh)
98%
who
98%
world
98%
in
96%
Like
96%
like
96%
feel
93%
make
93%
Make
93%
you
93%
You
93%
when
91%
I'm
89%
to
89%
a
87%
want
87%
Couplet 2 | Refrain Want
87%
love
85%
one
83%
that
76%
your
70%
heart
69%
ever
65%
knows
61%
Intro La
61%
la
61%
for
59%
take
56%
Bridge Take
56%
yeah)
56%
(yeah)
56%
yeah
56%
it
54%
and
50%
And
50%
'Cause
50%
Baby,
46%
baby,
46%
night
46%
night,
46%
man,
44%
man
44%
what
44%
you'll
44%
Be
39%
be
39%
hot
37%
pillow
37%
So,
37%
all
35%
about
33%
forget
33%
it's
33%
Let
33%
Then
33%
tonight
33%
Hold
31%
my
31%
ride
31%
ride,
31%
tell
31%
high,
30%
high
30%
last
30%
understands
30%
gon'
28%
How
28%
Doing
24%
secrets
24%
right
22%
wanna
22%
command
19%
of
19%
that's
19%
I'll
17%
swallow
17%
boy,
15%
can
15%
come
15%
pride,
15%
thief
15%
thinking
15%
keeping
13%
prisoner
13%
beg
9%
I'ma
9%
inside
9%
rise,
9%
rise
9%
ain't
4%
enter,
4%
leaving
4%
Aucun quiz correspondant
Distribution des résultats
% des personnes avec chaque résultat
Percentile par nombre de réponses
Votre historique - résultats
Vous n’avez pas pris ce quiz